000 00446nam a2200181Ia 4500
008 191125s9999 xx 000 0 und d
020 _a9780070582019
041 _a14+529
041 _aENGLISH
082 _a681.3.5 QUI
100 _aQuinn (Michael J)
245 0 _aParallel Programming in C with MPI and OpenMP
260 _bTMH
_c14+529
365 _b495
_dRupees
563 _aPaper Pack
650 _aParallel Computing
942 _cBK
999 _c60684
_d60684